| 000 | 00935cam a2200229 4500 | ||
|---|---|---|---|
| 001 | L130587 | ||
| 008 | 050815n2005 000 0 eng u | ||
| 035 | _a(Sirsi) u130587 | ||
| 041 | _aeng | ||
| 050 |
_a333.33016 _c18 |
||
| 110 |
_aRent Service _94756 |
||
| 240 | _aGreen book | ||
| 245 | _aValuation report for the years 1 April 2001 to 31 March 2005 | ||
| 260 |
_a[S.l.] _b[s.n.] _c2005 |
||
| 300 |
_a430p. _c30cm. |
||
| 490 | _aRent Service Valuation Report | ||
| 520 | _aThis new report, replacing the former green book statistics, provides data on housing benefit related determinations carried out by the Rent Service. Provides a regional breakdown of movements and trends in rents for each government region within England by property size and sector. Tables. | ||
| 590 | _aIKA160805 | ||
| 650 | _aRENT SERVICE VALUATION REPORT | ||
| 690 | _aPROPERTY-RESIDENTIAL PROPERTY-RESIDENTIAL PROPERTY MARKET | ||
| 942 | _n0 | ||
| 999 |
_c104486 _d104486 |
||